Statistics for Country flags with the highest percentage of each color

Click here to take the quiz!

General Stats

  • This quiz has been taken 80 times
  • The average score is 6 of 11

Answer Stats

ColorAnswerPercentage% Correct
redChina97%
94%
greenSaudi Arabia93%
63%
pinkSpain0.1%
60%
blueMicronesia97%
58%
purpleDominica0.3%
54%
whiteCyprus87%
49%
orangeBhutan39%
43%
blackLibya48%
43%
grayVatican City2%
42%
yellowBrunei53%
37%
brownAndorra6%
15%

Score Distribution

Percentile by Number Answered

Percent of People with Each Score

Your Score History

You have not taken this quiz